000 00586nam a22002057a 4500
003 NALT
005 20210611125400.0
008 s2004 eng d
020 _a8870604713
040 _aNALT
041 _aeng
090 _aKD 219.I8.2
_bP34 2004
245 0 0 _aPalazzo Madama Sede del Senato.
260 3 _aRome :
_bUfficio delle Informazioni Parlamentari,
_c2004
300 _a1 v. :
_bill. ;
_c26 cm.
650 4 _aParliament
_953386
_zItaly
850 _aNALT
942 _cLB
_2lcc
998 _bชวนพิชญ์ รัตนาไพบูลย์
_j109
_k อารีรัตน์ วิชาช่าง
999 _c59985
_d59985